000 00529nam a22001817a 4500
005 20140422103848.0
010 _aENG-109329
020 _a9789350450550
_c100.00
035 _aEN-92862
037 _bDBAD/PUB
082 _a881
100 _a Roy Chowdhury, Suvankar Ghose
245 _aCities and lost times /
_cby Suvankar Ghose Roy Chowdhury
260 _aKolkata
_bWriters Workshop
_c2013
270 _a162/92 Lake Gardens
_bKolkata
_e700045
300 _a50p.
_c22cm(Hb)
942 _2ddc
_cEN
_mROY
_h881
999 _c82579
_d82579